000 00315nam a2200133Ia 4500
008 240624s9999 xx 000 0 und d
041 _aeng
082 _a891.43 SAR
100 _aSIRSHREE
245 _aMOKSH
260 _c2010
_aPune
_bWow Publishings Pvt. Ltd.
300 _a248 : p. : cm. ; 21
365 _cRS
_b20
999 _c16563
_d16563